The Journal of applied behavioral science.
Sábháilte in:
| Údair chorparáideacha: | , |
|---|---|
| Formáid: | IRIS |
| Teanga: | English |
| Foilsithe / Cruthaithe: |
[Thousand Oaks, Calif., etc. :
Sage Periodicals Press, etc.].
|
| Ábhair: | |
| Rochtain ar líne: | Address for accessing the journal using authorization number and password through OCLC FirstSearch Electronic Collections Online. Subscription to online journal required for access to abstracts and full text Address for accessing the journal from an authorized IP address through OCLC FirstSearch Electronic Collections Online. Subscription to online journal required for access to abstracts and full text |
| LEADER | 03167cas a2200637 a 4500 | ||
|---|---|---|---|
| 001 | c000155794 | ||
| 003 | CARM | ||
| 005 | 20080715102443.0 | ||
| 008 | 741224c19659999cauqr1p 0 a0eng | ||
| 010 | |a 65009877 | ||
| 019 | 1 | |a 966575 |5 LACONCORD2021 | |
| 022 | |a 0021-8863 | ||
| 022 | 0 | |a 0021-8863 | |
| 030 | |a JABHAP | ||
| 032 | |a 017159 |b USPS | ||
| 035 | |a (OCoLC)1783135 |5 LACONCORD2021 | ||
| 040 | |a LC |b eng |c LC |d LC | ||
| 042 | |a lc |a nsdp | ||
| 050 | 0 | 0 | |a H1 |b .J53 |
| 060 | 0 | |a W1 JO539S | |
| 060 | 0 | 0 | |a W1 JO539S |
| 082 | 0 | 0 | |a 305 |
| 082 | 0 | 4 | |a 305 |
| 082 | 0 | 4 | |a 305 |
| 210 | 0 | |a J. appl. behav. sci | |
| 222 | 4 | |a The Journal of applied behavioral science | |
| 245 | 0 | 4 | |a The Journal of applied behavioral science. |
| 260 | |a [Thousand Oaks, Calif., etc. : |b Sage Periodicals Press, etc.]. | ||
| 300 | |a v. ; |c 23 cm. | ||
| 362 | 0 | |a v. 1- Jan./Mar. 1965- | |
| 510 | 1 | |a ABI/INFORM |b July 1971- | |
| 510 | 1 | |a Management contents |b 1974- | |
| 510 | 1 | |a Social sciences index |x 0094-4920 | |
| 510 | 2 | |a ABC pol sci |x 0001-0456 | |
| 510 | 2 | |a Cumulative index to nursing & allied health literature |x 0146-5554 | |
| 510 | 2 | |a Hospital literature index |x 0018-5736 |b 1978-1989 | |
| 510 | 2 | |a Psychological abstracts |x 0033-2887 |b 1965- | |
| 510 | 2 | |a Social welfare, social planning/policy & social development |x 0195-7988 | |
| 510 | 2 | |a Social work research & abstracts |x 0148-0847 | |
| 510 | 2 | |a Sociological abstracts |x 0038-0202 | |
| 530 | |a Also available via World Wide Web; |b OCLC FirstSearch Electronic Collections Online; |c Subscription required for access to abstracts and full text. | ||
| 550 | |a Vols. for 1965-Jan./Mar. 1967 issued by the National Training Laboratories, NEA; Apr./June 1967- by NTL Institute for Applied Behavioral Science. | ||
| 650 | 0 | |a Social sciences |x Periodicals. | |
| 650 | 2 | |a Behavioral sciences |x Periodicals. | |
| 710 | 2 | |a NTL Institute for Applied Behavioral Science. | |
| 710 | 2 | |a National Training Laboratories (National Education Association of the United States) | |
| 776 | 1 | |t Journal of applied behavioral science (Online : OCLC) |w (OCoLC)45848843 | |
| 856 | 4 | |u http://firstsearch.oclc.org |z Address for accessing the journal using authorization number and password through OCLC FirstSearch Electronic Collections Online. Subscription to online journal required for access to abstracts and full text | |
| 856 | 4 | |u http://firstsearch.oclc.org/journal=0021-8863;screen=info;ECOIP |z Address for accessing the journal from an authorized IP address through OCLC FirstSearch Electronic Collections Online. Subscription to online journal required for access to abstracts and full text | |
| 852 | 8 | |b CARM |h A2:AH06B0 |i B04031 |p 0130843 |f SE | |
| 852 | 8 | |b CARM |h A3:AR07B0 |i B10761 |p 0492472 |f SE | |
| 866 | 0 | |a 1/2(1965/66)-15:3(1979) Inc. | |
| 866 | 0 | |a 1/2(1965/66)-15:3(1979) Inc. | |
| 999 | f | f | |i 10b54309-aa1f-56f3-9f6c-0495c13c2b5e |s 9f37a0d0-9710-5440-9122-547b21f63112 |
| 952 | f | f | |p Can circulate |a CAVAL |b CAVAL |c CAVAL |d CARM 1 Store |e B04031 |f A2:AH06B0 |h Other scheme |i book |k 1/2(1965/66) |m 0130843 |
| 952 | f | f | |p Can circulate |a CAVAL |b CAVAL |c CAVAL |d CARM 1 Store |e B10761 |f A3:AR07B0 |h Other scheme |i book |k 15:3(1979) |m 0492472 |